Religion in the lives of African Americans (Record no. 481080)

MARC details
000 -LEADER
fixed length control field 01570cam a2200361 a 4500
001 - CONTROL NUMBER
control field EDZ0000063588
003 - CONTROL NUMBER IDENTIFIER
control field StDuBDS
005 - DATE AND TIME OF LATEST TRANSACTION
control field 20161031105159.0
006 - FIXED-LENGTH DATA ELEMENTS--ADDITIONAL MATERIAL CHARACTERISTICS--GENERAL INFORMATION
fixed length control field m||||||||d||||||||
007 - PHYSICAL DESCRIPTION FIXED FIELD--GENERAL INFORMATION
fixed length control field cr |||||||||||
008 - FIXED-LENGTH DATA ELEMENTS--GENERAL INFORMATION
fixed length control field 120315s2003 enk fo| 001|0|eng d
020 ## - INTERNATIONAL STANDARD BOOK NUMBER
International Standard Book Number 9781452229782 (ebook) :
Terms of availability No price
040 ## - CATALOGING SOURCE
Original cataloging agency StDuBDS
Language of cataloging eng
Transcribing agency StDuBDS
Description conventions pn
049 ## - LOCAL HOLDINGS (OCLC)
Holding library Alfaisal Main Library
050 #0 - LIBRARY OF CONGRESS CALL NUMBER
Classification number BR563.N4
Item number T387 2003
082 04 - DEWEY DECIMAL CLASSIFICATION NUMBER
Classification number 200.8996073
Edition number 23
100 1# - MAIN ENTRY--PERSONAL NAME
Personal name Taylor, Robert J.
Fuller form of name (Robert Joseph),
Dates associated with a name 1917-2004.
245 10 - TITLE STATEMENT
Title Religion in the lives of African Americans
Medium [electronic resource] :
Remainder of title social, psychological, and health perspectives /
Statement of responsibility, etc Robert Joseph Taylor, Linda M. Chatters, Jeff Levin.
260 ## - PUBLICATION, DISTRIBUTION, ETC. (IMPRINT)
Place of publication, distribution, etc London :
Name of publisher, distributor, etc SAGE,
Date of publication, distribution, etc 2003.
300 ## - PHYSICAL DESCRIPTION
Extent 1 online resource (xvii, 300 p.)
520 8# - SUMMARY, ETC.
Summary, etc Deriving conclusions from the National Survey of Black Americans & other surveys, this text examines issues of religious involvement, the functions of religion, & the relationships between religion & physical & mental health & well-being.
521 ## - TARGET AUDIENCE NOTE
Target audience note Specialized.
588 ## -
-- Description based on print version record.
504 ## - BIBLIOGRAPHY, ETC. NOTE
Bibliography, etc Includes bibliographical references and index.
650 #0 - SUBJECT ADDED ENTRY--TOPICAL TERM
Topical term or geographic name as entry element African Americans
General subdivision Religion.
655 #7 - INDEX TERM--GENRE/FORM
Genre/form data or focus term Electronic books.
Source of term local
700 1# - ADDED ENTRY--PERSONAL NAME
Personal name Chatters, Linda M.
700 1# - ADDED ENTRY--PERSONAL NAME
Personal name Levin, Jeffrey S.
710 2# - ADDED ENTRY--CORPORATE NAME
Corporate name or jurisdiction name as entry element Sage eBooks
776 08 - ADDITIONAL PHYSICAL FORM ENTRY
Display text Print version :
International Standard Book Number 9780761917090
856 40 - ELECTRONIC LOCATION AND ACCESS
Uniform Resource Identifier <a href="http://ezproxy.alfaisal.edu/login?url=http://sk.sagepub.com/books/religion-in-the-lives-of-african-americans">http://ezproxy.alfaisal.edu/login?url=http://sk.sagepub.com/books/religion-in-the-lives-of-african-americans</a>
942 ## - ADDED ENTRY ELEMENTS (KOHA)
Source of classification or shelving scheme Library of Congress Classification
Koha item type eBooks

No items available.

Copyright © 2020 Alfaisal University Library. All Rights Reserved.
Tel: +966 11 2158948 Fax: +966 11 2157910 Email:
librarian@alfaisal.edu